| 000 | 01571cam a22003735a 4500 | ||
|---|---|---|---|
| 001 | 14732098 | ||
| 003 | PILC | ||
| 005 | 20160114124554.0 | ||
| 008 | 070212r20071977nyua c 000 1 eng | ||
| 010 | _a 2007271296 | ||
| 020 | _a9780061253706 | ||
| 020 | _a0061253707 | ||
| 040 |
_aDLC _cDLC _dDLC |
||
| 042 | _alcac | ||
| 050 | 0 | 0 |
_aPZ 7 _b.P273Br 1972 |
| 082 | 0 | 0 |
_aFIC P44b _b 2003 |
| 100 | 1 |
_aPaterson, Katherine. _9578 |
|
| 245 | 1 | 0 |
_aBridge to terabithia _cKatherine Paterson ; illustrated by Donna Diamond. |
| 250 | _a1st HarperEntertainment ed. | ||
| 260 |
_aNew York : _bHarperEntertainment, _c2007. |
||
| 300 |
_a191 p., 7 p. : _bill. ; _c17 cm. |
||
| 520 | _aThe life of ten-year-old Jess in rural Virginia expands when he becomes friends with newcomer Leslie, and they create the imaginary land of Terabithia where they rule as king and queen, until a terrible tragedy occurs. Includes a reader's guide with discussion questions. | ||
| 650 | 1 |
_aFriendship _vFiction. _919900 |
|
| 650 | 1 |
_aGrief _vFiction. _919901 |
|
| 650 | 1 |
_aDeath _vFiction. _919902 |
|
| 651 | 1 |
_aVirginia _xHistory _y20th century _vFiction. _919903 |
|
| 700 | 1 |
_aDiamond, Donna, _eill. _919904 |
|
| 856 | 4 | 2 |
_3Contributor biographical information _uhttp://www.loc.gov/catdir/enhancements/fy0911/2007271296-b.html |
| 856 | 4 | 2 |
_3Publisher description _uhttp://www.loc.gov/catdir/enhancements/fy0911/2007271296-d.html |
| 906 |
_a7 _bcbc _corigcop _d2 _encip _f20 _gy-gencatlg |
||
| 942 |
_2lcc _cBK |
||
| 999 |
_c11352 _d11352 |
||